Dve stránky vodcovstva viesť a nasledovať - princíp úspechu v tímoch NAVY SEAL
Guardado en:
| Autor principal: | |
|---|---|
| Otros Autores: | , |
| Formato: | Libro |
| Lenguaje: | eslovaco |
| Publicado: |
Bratislava
TIMY Partners
2021
|
| Materias: | |
| Etiquetas: |
Sin Etiquetas, Sea el primero en etiquetar este registro!
|
MARC
| LEADER | 00000nam a2200000 4500 | ||
|---|---|---|---|
| 001 | 0280205 | ||
| 005 | 20240416114145.2 | ||
| 020 | |a 978-80-8199-033-5 | ||
| 041 | 0 | |a slo | |
| 044 | |a SK | ||
| 245 | 1 | 0 | |a Dve stránky vodcovstva |b viesť a nasledovať - princíp úspechu v tímoch NAVY SEAL |c Jocko Willink a Leif Babin ; preklad: Eva Budjačová |
| 264 | 1 | |a Bratislava |b TIMY Partners |c 2021 | |
| 300 | |a 312 s. | ||
| 610 | 2 | 0 | |a vodcovstvo |
| 610 | 2 | 0 | |a vedenie ľudí |
| 610 | 2 | 0 | |a lídri |
| 610 | 2 | 0 | |a tímy pracovné |
| 610 | 2 | 0 | |a rovnováha sociálna |
| 610 | 2 | 0 | |a NAVY SEAL |
| 100 | 1 | |a Willink, Jocko | |
| 700 | 1 | |a Babin, Leif | |
| 700 | 1 | |a Budjačová, Eva | |